Normal view
MARC view
- السيد، حمدى أبو النور ، حسن ، أمل لطفى
Entry Personal Name
001 - CONTROL NUMBER
- control field: 44693
003 - CONTROL NUMBER IDENTIFIER
- control field: JO-AjAnu
005 - DATE AND TIME OF LATEST TRANSACTION
- control field: 20230606081410.0
008 - FIXED-LENGTH DATA ELEMENTS
- fixed length control field: 230606|| aca||aabn | a|a d
040 ## - CATALOGING SOURCE
- Original cataloging agency: JO-AjAnu
- Transcribing agency: JO-AjAnu
100 ## - HEADING--PERSONAL NAME
- Personal name: السيد، حمدى أبو النور ، حسن ، أمل لطفى
670 ## - SOURCE DATA FOUND
- Source citation: Work cat.: (JO-AjAnu)22885: السيد، حمدى أبو النور ، حسن ، أمل لطفى , author, أصول القانون الإداري